000 00672nam a2200253Ia 4500
003 OSt
005 20221007110522.0
006 a|||||r|||| 00| 0
007 ta
008 221006b |||||||| |||| 00| 0 eng d
020 _a0070844992
024 _a21,270
037 _cTextual
040 _aLCO
_cLCO
_beng
041 _2eng
_aeng
082 _aY:45:61, L7
100 _aPowis David
_9707607
245 0 _aSigns of Crime
_b A Field Mannual for Police
260 _aLondon
_bMcGraw Hill Book Company (UK) Limited U.K.
_c1977
300 _a236
650 _aCRIME
942 _hY:45:61, L7
_cTEXL
999 _c1190833
_d1190833